Значення гри у навчанні англійської мови при роботі в тимчасовому дитячому колективі (Запис № 283103)

МАРК-запис
000 -LEADER
fixed length control field 02287nam a22001577a 4500
041 ## - LANGUAGE CODE
Language code of text/sound track or separate title ukr
080 ## - UNIVERSAL DECIMAL CLASSIFICATION NUMBER
Universal Decimal Classification number 09
090 ## - LOCALLY ASSIGNED LC-TYPE CALL NUMBER (OCLC); LOCAL CALL NUMBER (OCLC)
Local cutter number (OCLC) ; Book number/undivided call number, CALL (RLIN) ПАР
100 ## - MAIN ENTRY--PERSONAL NAME
Personal name Парило О. М.
245 ## - TITLE STATEMENT
Title Значення гри у навчанні англійської мови при роботі в тимчасовому дитячому колективі
260 ## - PUBLICATION, DISTRIBUTION, ETC. (IMPRINT)
Place of publication, distribution, etc Острог
Name of publisher, distributor, etc КАФ
Date of publication, distribution, etc 2005
300 ## - PHYSICAL DESCRIPTION
Extent 72
520 ## - SUMMARY, ETC.
Summary, etc Розділ 1. Особливості роботи педагога у тимчасовому колективі.<br/>1.1. Поняття колективу та основи його функціонування.<br/>1.1.1. Теорія колективу у спадщині видатних педагогів.<br/>1.1.2. Типологія колективів на основі ознаки дитячого колективу.<br/>1.1.3. Використання громадської думки дитячого колективу у педагогічних цілях.<br/>1.2. Поняття "тимчасовий дитячий колектив", його ознаки, структура та стадії розвитку.<br/>1.3. Формування колективу дітей протягом короткої табірної зміни.<br/>Висновки до розділу 1.<br/>Розділ 2. Значення гри та її використання при навчанні англійської мови в таборі.<br/>2.1. Організація навчально-виховної роботи в дитячому оздоровчому таборі.<br/>2.1.1. Особливості роботи педагога в літньому оздоровчому таборі.<br/>2.1.2. Навчання англійської мови в умовах роботи в тимчасовому дитячому колективі.<br/>2.2. Гра і психічний розвиток дитини.<br/>2.2.1. Теорії та проблеми дослідження дитячої гри.<br/>2.2.2. Гра в житті дитячого оздоровчого табору та ігри на заняттях гуртка англійської мови.<br/>Висновки до розділу 2.
-- Гра, навчання, педагогіка
650 ## - SUBJECT ADDED ENTRY--TOPICAL TERM
Topical term or geographic name as entry element Research Papers
942 ## - ADDED ENTRY ELEMENTS (KOHA)
Koha item type Книги
Фонди
Withdrawn status Lost status Source of classification or shelving scheme Damaged status Not for loan Home library Current library Date acquired Source of acquisition Coded location qualifier Cost, normal purchase price Total Checkouts Full call number Barcode Date last seen Price effective from Koha item type
    Universal Decimal Classification     ВІЛ - Відділ іноземн. літератури НБ ВІЛ - Відділ іноземн. літератури НБ 13/10/2005 Акт В22 1.00   09 211105 15/12/2021 13/10/2005 Книги